[Event "IRQ-ch"]
[Site "Baghdad"]
[Date "2022.08.28"]
[Round "8"]
[White "Saif, Salman Al Tememy"]
[Black "Al Turaihi, Dhari Satea Saeed"]
[Result "0-1"]
[WhiteElo "1595"]
[BlackElo "1888"]
[PlyCount "77"]
[EventDate "2022.08.24"]
[EventType "swiss"]
[EventRounds "9"]
[EventCountry "IRQ"]
[SourceTitle "CBM 210 Extra"]
[Source "ChessBase"]
[SourceDate "2022.11.30"]
[SourceVersion "1"]
[SourceVersionDate "2022.11.30"]
[SourceQuality "1"]

1. c4 b5 2. Nc3 b4 3. Ne4 Bb7 4. Ng3 Nf6 5. d3 g6 6. e4 Nc6 7. Nf3 d6 8. d4 Bg7 9. d5 Nb8 10. Qa4+ Nbd7 11. Qxb4 Rb8 12. Qd2 0-0 13. Bd3 c6 14. 0-0 cxd5 15. cxd5 Nc5 16. Bc2 Ba6 17. Re1 Nfd7 18. Rb1 Ne5 19. Nxe5 Bxe5 20. f4 Bg7 21. e5 Qb6 22. Kh1 Rfc8 23. b4 Nd7 24. Ba4 Qc7 25. exd6 exd6 26. Bb2 Bxb2 27. Rxb2 Nb6 28. Rc2 Nc4 29. Qc3 Qb6 30. Bc6 Qxb4 31. Qxb4 Rxb4 32. h3 Rcb8 33. Ne4 Kg7 34. Nc3 Na5 35. Ne4 Bd3 36. Nxd6 Bxc2 37. Re7 Rxf4 38. Rxa7 Nxc6 39. dxc6 0-1

[Event "IRQ-ch"]
[Site "Baghdad"]
[Date "2022.08.24"]
[Round "1"]
[White "Al Turaihi, Dhari Satea Saeed"]
[Black "Ahmed, Hussein Abd"]
[Result "1-0"]
[WhiteElo "1888"]
[BlackElo "1386"]
[PlyCount "53"]
[EventDate "2022.08.24"]
[EventType "swiss"]
[EventRounds "9"]
[EventCountry "IRQ"]
[SourceTitle "CBM 210 Extra"]
[Source "ChessBase"]
[SourceDate "2022.11.30"]
[SourceVersion "1"]
[SourceVersionDate "2022.11.30"]
[SourceQuality "1"]

1. d4 Nf6 2. Bf4 d6 3. Nf3 g6 4. e3 Bg7 5. Be2 Nbd7 6. 0-0 0-0 7. c4 Re8 8. h3 c5 9. Nc3 e5 10. dxe5 dxe5 11. Nxe5 Nxe5 12. Qxd8 Rxd8 13. Bxe5 Re8 14. Bg3 Ne4 15. Nxe4 Rxe4 16. Rad1 Bxb2 17. Rd8+ Kg7 18. Bg4 f5 19. Bf3 Bf6 20. Rfd1 Bxd8 21. Rxd8 Re7 22. Bd5 h6 23. Bd6 Re4 24. f3 Rxe3 25. Kf2 f4 26. Bxf4 Re7 27. Bd6 1-0

[Event "IRQ-ch"]
[Site "Baghdad"]
[Date "2018.07.04"]
[Round "10"]
[White "Al Turaihi, Dhari Satea Saeed"]
[Black "Esam, Naama Lafta"]
[Result "1-0"]
[WhiteElo "1853"]
[BlackElo "1972"]
[PlyCount "61"]
[EventDate "2018.06.27"]
[EventType "swiss"]
[EventRounds "11"]
[EventCountry "IRQ"]
[SourceTitle "EXT 2019"]
[Source "ChessBase"]
[SourceDate "2018.10.10"]
[SourceVersion "1"]
[SourceVersionDate "2018.10.10"]
[SourceQuality "1"]

1. e4 c5 2. d4 cxd4 3. c3 d3 4. Bxd3 e5 5. Nf3 d6 6. 0-0 Nf6 7. Na3 Be7 8. h3 Nc6 9. Be3 0-0 10. Qe2 Be6 11. Rfd1 Rc8 12. Ng5 h6 13. Nxe6 fxe6 14. Nb5 a6 15. Na3 b5 16. Nc2 d5 17. a4 dxe4 18. Bxb5 axb5 19. Rxd8 Rfxd8 20. Qxb5 Nd5 21. a5 Nxe3 22. Nxe3 Bf6 23. a6 Na7 24. Qb6 Nc6 25. a7 Ne7 26. Qxe6+ Kh8 27. b4 Ra8 28. b5 Nc8 29. b6 Nd6 30. c4 Nb7 31. Nd5 1-0

[Event "IRQ-ch"]
[Site "Baghdad"]
[Date "2018.06.30"]
[Round "6"]
[White "Obada, Ahmad Azeezjawad"]
[Black "Al Turaihi, Dhari Satea Saeed"]
[Result "1-0"]
[WhiteElo "2388"]
[BlackElo "1853"]
[PlyCount "107"]
[EventDate "2018.06.27"]
[EventType "swiss"]
[EventRounds "11"]
[EventCountry "IRQ"]
[SourceTitle "EXT 2019"]
[Source "ChessBase"]
[SourceDate "2018.10.10"]
[SourceVersion "1"]
[SourceVersionDate "2018.10.10"]
[SourceQuality "1"]

1. e4 c5 2. Nf3 d6 3. d4 cxd4 4. Nxd4 Nf6 5. Nc3 g6 6. Be2 Bg7 7. Be3 0-0 8. 0-0 Nc6 9. Nb3 Be6 10. f4 a5 11. f5 Bd7 12. a4 Nb4 13. g4 Bc6 14. Bd4 e5 15. fxe6 fxe6 16. Bf3 e5 17. Bf2 d5 18. Qe2 d4 19. Na2 d3 20. cxd3 Qxd3 21. Nxb4 Qxe2 22. Bxe2 axb4 23. Bc5 Rfd8 24. Bc4+ Kh8 25. Be7 Nxg4 26. Bxd8 Rxd8 27. Rfd1 Rf8 28. Bd5 Ne3 29. Rd2 Bxa4 30. Nc5 Bb5 31. Ne6 Rb8 32. Nxg7 Kxg7 33. Rc1 h5 34. Rc7+ Kh6 35. Rxb7 Rxb7 36. Bxb7 Kg5 37. b3 h4 38. Rd6 h3 39. Kf2 Ng4+ 40. Kg3 Bf1 41. Rb6 Nf6 42. Rxb4 Bg2 43. Rc4 Nh5+ 44. Kf2 Kf4 45. b4 Nf6 46. b5 Ng4+ 47. Kg1 Ne3 48. Rc3 Bxe4 49. Bxe4 Kxe4 50. Rxe3+ Kxe3 51. b6 e4 52. b7 Kd2 53. b8Q e3 54. Qb2+ 1-0